000 00785cab a2200217 4500
001 ABS37075
008 090401t1986 xxu||||| |||| 00| 0 eng d
035 _a(Sirsi) u2134
041 _aeng
100 _aSlavid, R.
245 _aMDC`s showpiece brings life back to Albert Dock
260 _c1986
350 _a0
490 _aConstruction News
_v(5989) 6 November 1986 27-29(2)
520 _aOverview of the redevelopment of Liverpool `s Albert Dock . Describes the current state of the project, including some of the problems encountered in fitting modern telecommunications services into 19th century listed buildings. Photos.
650 _aDOCKLANDS
650 _aMERSEYSIDE DEVELOPMENT CORPORATION
690 _aRefurbishment
_96264
942 _n0
948 _c04/03/1997
999 _c1280
_d1280